Control inhibitorio y monitorización en población infantil con TDAH (Record no. 194320)
[ view plain ]
| 000 -CABECERA | |
|---|---|
| campo de control de longitud fija | 01987nab a2200277 a 4500 |
| 005 - FECHA Y HORA DE LA ÚLTIMA TRANSACCIÓN | |
| campo de control | 20210219163415.0 |
| 008 - ELEMENTOS DE LONGITUD FIJA--INFORMACIÓN GENERAL | |
| campo de control de longitud fija | 991125s1985 mx 000 0 spa u |
| 035 ## - NÚMERO DE CONTROL DEL SISTEMA | |
| Número de control de sistema | UPN01000222223 |
| 049 ## - COLECCIÓN | |
| Colección | ART |
| 100 1# - ASIENTO PRINCIPAL--NOMBRE PERSONAL | |
| Nombre de persona | Ramos Galarza, Carlos |
| 100 1# - ASIENTO PRINCIPAL--NOMBRE PERSONAL | |
| Filiación | carlos.ramos@uisek.edu.ec |
| 100 1# - ASIENTO PRINCIPAL--NOMBRE PERSONAL | |
| Nombre de persona | Pérez Salas, Claudia Paz |
| 222 #0 - TÍTULO CLAVE | |
| Título clave | AVANCES EN PSICOLOGIA LATINOAMERICANA |
| 245 00 - MENCIÓN DE TÍTULO | |
| Título | Control inhibitorio y monitorización en población infantil con TDAH |
| 260 ## - PUBLICACIÓN, DISTRIBUCIÓN, ETC. | |
| Lugar de publicación, distribución, etc. | Bogotá, Colombia |
| 300 ## - DESCRIPCIÓN FÍSICA | |
| Extensión | 117-130 |
| 362 0# - FECHAS DE PUBLICACIÓN Y/O DESIGNACIÓN SECUENCIAL | |
| Fecha de publicación y/o designación secuencial | 2017 Volumen 35, número 1, enero-abril |
| 520 3# - NOTA DE RESUMEN, ETC. | |
| Sumario, etc. | El trastorno por déficit de atención con hiperactividad (TDAH) ha sido asociado a déficits de las funciones ejecutivas, sin embargo, aún no existe claridad respecto a cuál es el perfil cognitivo en el subtipo combinado (TDAH-C). Los objetivos de este estudio fueron comparar el control inhibitorio y la monitorización de estudiantes con y sin TDAH-C, y analizar la correlación entre tareas experimentales y escalas comportamentales de evaluación de las funciones ejecutivas mencionadas. El estudio tuvo 68 participantes, quienes conformaron un grupo experimental de 34 estudiantes con TDAH-C y un grupo control de 34 estudiantes con desarrollo típico. Los instrumentos de medición fueron las escalas comportamentales BRIEF, BIS 11-c y ADHD Rating Scale IV, y los experimentos Go/No-Go, Simon y Stroop Victoria. Se encontró que el grupo experimental con TDAH presenta déficits en las funciones ejecutivas evaluadas, y que las escalas comportamentales y los experimentos evalúan diferentes niveles del funcionamiento ejecutivo |
| 653 0# - TERMINO DE INDIZACION - NO CONTROLADO | |
| Término no controlado | NIÑOS |
| 653 0# - TERMINO DE INDIZACION - NO CONTROLADO | |
| Término no controlado | TRASTORNO POR DEFICIT DE ATENCION CON HIPERACTIVIDAD |
| 653 0# - TERMINO DE INDIZACION - NO CONTROLADO | |
| Término no controlado | NEUROPSICOLOGIA |
| 856 4# - LOCALIZACIÓN Y ACCESO ELECTRÓNICOS | |
| Identificador Uniforme del Recurso | <a href="http://www.scielo.org.co/pdf/apl/v35n1/v35n1a09.pdf">http://www.scielo.org.co/pdf/apl/v35n1/v35n1a09.pdf</a> |
| 856 4# - LOCALIZACIÓN Y ACCESO ELECTRÓNICOS | |
| Identificador Uniforme del Recurso | <a href="http://www.redalyc.org/articulo.oa?id=79949625009">http://www.redalyc.org/articulo.oa?id=79949625009</a> |
| 856 4# - LOCALIZACIÓN Y ACCESO ELECTRÓNICOS | |
| Identificador Uniforme del Recurso | <a href="Doi: http://dx.doi.org/10.12804/revistas.urosario.edu.co/apl/a.4195">Doi: http://dx.doi.org/10.12804/revistas.urosario.edu.co/apl/a.4195</a> |
| 905 ## - TIPO DE MATERIAL | |
| Tipo de material | Articulo |
No items available.
